Visualizzazione normale
Vista MARC
- Byron Don
di Personal Name
Records bibliografici associati: 1
001 - CONTROL NUMBER
- control field: 31234
003 - CONTROL NUMBER IDENTIFIER
- control field: IT-RoPau
005 - DATE AND TIME OF LATEST TRANSACTION
- control field: 20140622204414.0
008 - FIXED-LENGTH DATA ELEMENTS
- fixed length control field: 140622|| aca||aabn | a|a d
040 ## - CATALOGING SOURCE
- Original cataloging agency: IT-RoPau
- Transcribing agency: IT-RoPau
100 ## - HEADING--PERSONAL NAME
- Personal name: Byron Don
- Dates associated with a name: Codice autore musica SPICS: 46635
- Relator term: Autore musica
- Name of part/section of a work: Tuskegee Strutters Ball
670 ## - SOURCE DATA FOUND
- Source citation: Work cat.: (IT-RoPau)99266: AA.VV. 794, Verona jazz